<?xml version="1.0" encoding="UTF-8"?>
<collection xmlns="http://www.loc.gov/MARC21/slim">
 <record>
  <leader>01250nab a2200181 i 4500</leader>
  <controlfield tag="001">misc42468</controlfield>
  <controlfield tag="005">20191106140623.0</controlfield>
  <controlfield tag="008">180706s2009    hu      o     0||   zxx d</controlfield>
  <datafield tag="022" ind1=" " ind2=" ">
   <subfield code="a">1215-5233</subfield>
  </datafield>
  <datafield tag="040" ind1=" " ind2=" ">
   <subfield code="a">SZTE Miscellanea Repozitórium</subfield>
   <subfield code="b">hun</subfield>
  </datafield>
  <datafield tag="041" ind1=" " ind2=" ">
   <subfield code="a">zxx</subfield>
  </datafield>
  <datafield tag="100" ind1="1" ind2=" ">
   <subfield code="a">Keserű Katalin</subfield>
  </datafield>
  <datafield tag="245" ind1="1" ind2="0">
   <subfield code="a">Néhány szó az iparművészetről</subfield>
   <subfield code="h">[elektronikus dokumentum] /</subfield>
   <subfield code="c"> Keserű Katalin</subfield>
  </datafield>
  <datafield tag="260" ind1=" " ind2=" ">
   <subfield code="c">2009</subfield>
  </datafield>
  <datafield tag="300" ind1=" " ind2=" ">
   <subfield code="a">110-121</subfield>
  </datafield>
  <datafield tag="490" ind1="0" ind2=" ">
   <subfield code="a">Iskolakultúra</subfield>
   <subfield code="v">19 No. 3-4</subfield>
  </datafield>
  <datafield tag="520" ind1="3" ind2=" ">
   <subfield code="a">Az iparművészet fogalmáról és tárgyairól kevés szó esik napjaink művészetkritikájában. A mai, a művészetek társadalmi kontextusait vizsgáló művészettörténet és művészetkritika éppen a társadalomba szélesebben beágyazott iparművészettel nem foglalkozik, s talán nem ismerve a technológiák fejlődését, az iparművészetet ezek összefüggésében sem tárgyalja. Azok a szálak sem szövődtek bele a történészi-muzeológusi gondolkodásba, amik az iparművészeti alkotófolyamatot már a feladatra vonatkozó koncepció megszületése közben a technológiához, műhelyekhez (a termeléshez), a reklámhoz, a fogyasztáshoz kötik.</subfield>
  </datafield>
  <datafield tag="856" ind1="4" ind2="0">
   <subfield code="u">http://misc.bibl.u-szeged.hu/42468/1/5_EPA00011_iskolakultura_2009-3-42.pdf</subfield>
   <subfield code="z">Dokumentum-elérés </subfield>
  </datafield>
 </record>
</collection>
